SATELLITE COMMUNICATION (Record no. 8228)

MARC details
000 -LEADER
fixed length control field 00526nam a22001577a 4500
003 - CONTROL NUMBER IDENTIFIER
control field SGT
020 ## - INTERNATIONAL STANDARD BOOK NUMBER
International Standard Book Number 9788120327863
082 ## - DEWEY DECIMAL CLASSIFICATION NUMBER
Classification number 621.3825
Item number MIT
100 ## - MAIN ENTRY--PERSONAL NAME
Personal name MITA,MONJIT
245 ## - TITLE STATEMENT
Title SATELLITE COMMUNICATION
260 ## - PUBLICATION, DISTRIBUTION, ETC. (IMPRINT)
Place of publication, distribution, etc NEW DELHI
Name of publisher, distributor, etc PHI
Year of Publication 2014
300 ## - PAGE DESCRIPTION
No. of Pages 166
650 ## - SUBJECT ADDED ENTRY--TOPICAL TERM
Topical term or geographic name as entry element ELECTRONICS ENGINEERING
653 ## - KEYWORDS--INDEX TERM
Keyword term SATELLITE, SATELLITE, ORBITS AND INCLINATION, SPACECRAFT AND ITS SUBSYSTEM, SATELLITE, LINK DESIGN, ANOLOG SATELLITE, COMMUNICATION, DIGITAL SATELLITE COMMUNICATION,MULTIPLE ACCESS TECHNIQUES
942 ## - ADDED ENTRY ELEMENTS (KOHA)
Source of classification or shelving scheme Dewey Decimal Classification
Koha item type Books
Holdings
Withdrawn status Lost status Source of classification or shelving scheme Damaged status Not for loan Home library Current library Shelving location Date acquired Vendor Name Cost, normal purchase price SGTU Total Checkouts Full call number Accession No. (Barcode) Date last seen Bill Date Koha item type
    Dewey Decimal Classification     SGT Engineering Library SGT Engineering Library Reference Book 12/01/2016 GIFTED 195.00 SGTU   621.3825 MIT FE6497 12/01/2016 12/01/2016 Books